000 00703nas a2200241Ia 4500
001 R036/44112
003 IT-RoPAU
008 151124c99999999xx |||||||||||| ||und||
040 _aIT-RoPAU
040 _cIT-RoPAU
041 _aITALIANO
100 _aSoldati Mario
_gCodice Aut. SPICS: 1146
210 _aSEQUENZE
222 _aSequenze
245 _aSEQUENZE, ANNO 2-N.09 (MAGGIO 1950)
_bCinema Americano
250 _a1a ed.
260 _aPARMA
_bMACCARI
_c1950
501 _bPaulus - SPICS - Società San Paolo EM (non-commercial uses only)
_cCopyright2015
300 _a4 p. [21-24]
362 _aANNO 002, N.09 (MAGGIO 1950)
650 _aCINEMA
_vPUBBLICAZIONE PERIODICA
942 _cCR
999 _c112445
_d112445